000
00256nam a2200109Ia 4500
008
190216s9999||||xx |||||||||||||| ||und||
100
_a
Saksena S.C
245
0
_a
Business Administration And Management
260
_b
Null
_c
1977
300
_a
651p
942
_c
BK
999
_c
5801
_d
5801